Normal view
MARC view
- Paz García, Ana Pamela
Entry Nombre Personal
001 - NUMERO DE CONTROL
- campo de control: 50594
003 - IDENTIFICADOR DE NUMERO DE CONTROL
- campo de control: UPN
005 - FECHA Y HORA DE LA ÜLTIMA TRANSACCIÓN
- campo de control: 20240305101020.0
008 - DATOS DE LONGITUD FIJA
- campo de control de longitud fija: 231113|| acz||aabn | a|a d
040 ## - FUENTE DE CATALOGACIÓN
- Agencia original de catalogación: MX-MxUPN
100 1# - ENCABEZAMIENTO - NOMBRE PERSONAL
- Nombre personal: Paz García, Ana Pamela
370 ## - LUGAR ASOCIADO
- Place of birth: Argentina
371 ## - DIRECCIÓN
- Electronic mail address: pazgarcia@gmail.com
372 ## - CAMPO DE ACTIVIDAD
- Field of activity: Sociología, comunicación social y demografía
- Field of activity: Docencia e investigación
373 ## - GRUPO ASOCIADO
- Associated group: Universidad Nacional de Córdoba
374 ## - OCUPACIÓN
- Occupation: Socióloga
- Occupation: Profesora e investigadora universitaria
670 ## - FUENTE EN LA QUE SE LOCALIZARON DATOS
- Cita de la fuente: En recurso en línea: Cultura y representaciones sociales. Vol. 5, no. 10 (2011):
- Información localizada: página 57 (Ana Pamela Paz García)
- Uniform Resource Identifier: https://www.culturayrs.unam.mx/index.php/CRS/article/view/448
902 ## - CATALOGADOR
- Catalogador: RGJD/131123
